Language Quiz

Random Language or Letter Quiz

Word Morph Quiz Stats

 Plays Quiz Updated Oct 17, 2012

Challenge
Share
Tweet
Embed
Score 0/20 Timer 04:00
0 Plays Today
Instruction Letters % Correct
1) Type 'Tom Sawyer.' This is the starting phrase.TOMSAWYER
99.9%
2) Insert an 'I' before the last letter.TOMSAWYEIR
98.1%
3) Switch the positions of the second and fifth letters from the left.TAMSOWYEIR
92.3%
4) Switch the positions of the second and third letters from the left.TMASOWYEIR
90.9%
5) Double the last letter.TMASOWYEIRR
90.7%
6) Eliminate the fifth letter from the left.TMASWYEIRR
90.4%
7) Double the third letter from the left.TMAASWYEIRR
90.1%
8) Switch the fourth letter from the left with the second letter from the right.TMARSWYEIAR
87.5%
9) Eliminate the last consonant.TMARSWYEIA
87%
10) Change the first letter to an 'N.'NMARSWYEIA
86.7%
Instruction Letters % Correct
11) Switch the last letter and the second to last letter.NMARSWYEAI
85.6%
12) Move the fourth letter from the right to the last position.NMARSWEAIY
82.7%
13) Double the fourth consonant from the left.NMARSSWEAIY
79.3%
14) Change the last letter to a 'T.'NMARSSWEAIT
78%
15) Eliminate the third vowel from the right.NMARSSWAIT
74.7%
16) Switch the first and last letters.TMARSSWAIN
72.4%
17) Change the sixth letter to a 'K.'TMARSKWAIN
68.3%
18) Switch the first and fifth letters from the left.SMARTKWAIN
59.1%
20) Eliminate the first letter to complete the morph.Mark Twain
55.8%
19) Switch the fifth and sixth letters from the left.SMARKTWAIN
54.4%

You're not logged in!

Compare scores with friends on all Sporcle quizzes.
OR
Log In

You Might Also Like...

Show Comments

Extras

Top Quizzes Today


Score Distribution

Your Account Isn't Verified!

In order to create a playlist on Sporcle, you need to verify the email address you used during registration. Go to your Sporcle Settings to finish the process.

Report this User

Report this user for behavior that violates our Community Guidelines.

Details: